Focus (Record no. 81769)

MARC details
000 -LEADER
fixed length control field 00984cab a22002415a 4500
001 - CONTROL NUMBER
control field L148259
008 - FIXED-LENGTH DATA ELEMENTS--GENERAL INFORMATION
fixed length control field 090825e20090808xxkao f 000 0 eng d
035 ## - SYSTEM CONTROL NUMBER
System control number (Sirsi) u148259
041 0# - LANGUAGE CODE
Language code of text/sound track or separate title eng
100 1# - MAIN ENTRY--PERSONAL NAME
Personal name Cunningham, Daniel
245 00 - TITLE STATEMENT
Title Focus
Remainder of title Isle of Man and Channel Islands
260 ## - PUBLICATION, DISTRIBUTION, ETC.
Date of publication, distribution, etc. 2009
490 ## - SERIES STATEMENT
Series statement Estates Gazette
Volume/sequential designation (0931) 8 August 2009, 55-63 (7)
520 ## - SUMMARY, ETC.
Summary, etc. Presents an overview of the commercial property market in the Isle of Man and Channel Islands. Reports about the disputes slowing the development of Esplanade Quarter, a large regeneration project in Jersey. Reveals Isle of Man and the Channel Islands' plans to welcome more financial regulation. Includes recent trends in the property market for these islands.
590 ## - LOCAL NOTE (RLIN)
Local note KA
651 #4 - SUBJECT ADDED ENTRY--GEOGRAPHIC NAME
Geographic name Isle of Man
651 #4 - SUBJECT ADDED ENTRY--GEOGRAPHIC NAME
Geographic name Channel Islands
651 #4 - SUBJECT ADDED ENTRY--GEOGRAPHIC NAME
Geographic name Guernsey
651 #4 - SUBJECT ADDED ENTRY--GEOGRAPHIC NAME
Geographic name Jersey
690 ## - LOCAL SUBJECT ADDED ENTRY--TOPICAL TERM (OCLC, RLIN)
Topical term or geographic name as entry element PROPERTY-COMMERCIAL PROPERTY-COMMERCIAL PROPERTY MARKET
700 1# - ADDED ENTRY--PERSONAL NAME
Personal name Meadwell, Stacey
942 ## - ADDED ENTRY ELEMENTS (KOHA)
Suppress in OPAC 0
Holdings
Withdrawn status Lost status Source of classification or shelving scheme Damaged status Not for loan Home library Current library Shelving location Date acquired Total Checkouts Full call number Barcode Date last seen Copy number Price effective from Koha item type
    Dewey Decimal Classification     London London Journal article 25/08/2009   L148259 148259-1001 06/08/2019 1 06/08/2019 Journal article